Loading...
Tribal law and justice: report on the santal /
| Main Author: | |
|---|---|
| Format: | Printed Book |
| Published: |
New Delhi :
Concept Publishing Company ,
1984.
|
| Subjects: |
| LEADER | 00468cam a2200133ua 4500 | ||
|---|---|---|---|
| 999 | |c 33489 |d 33489 | ||
| 082 | 1 | 4 | |a 340.52 |b ARC-T |
| 100 | 1 | |a Archer, W G . | |
| 245 | 1 | 0 | |a Tribal law and justice: |b report on the santal / |
| 260 | |a New Delhi : |b Concept Publishing Company , |c 1984. | ||
| 300 | |a 741p.; | ||
| 650 | 0 | |a Law of traditional societies | |
| 942 | |c BK | ||
| 952 | |0 0 |1 0 |4 0 |6 340_520000000000000_ARCT |7 0 |9 42918 |a KU |b KU |d 2015-07-05 |g 200.00 |l 0 |o 340.52 ARC-T |p AN01295 |r 2015-07-05 |y BK | ||